| 000 | 00792cab a2200253 4500 | ||
|---|---|---|---|
| 001 | WB3028-14 | ||
| 008 | 090401t1994 xxu||||| |||| 00| 0 eng d | ||
| 035 | _a(Sirsi) u10398 | ||
| 041 | _aeng | ||
| 245 | _aRescue for historic churches | ||
| 260 | _c1994 | ||
| 350 | _a0 | ||
| 490 |
_aTimes _v16 July 1994, 6 |
||
| 490 |
_aDepartment of National Heritage News Release _v(107/94) 15 July 1994, (6) |
||
| 520 | _aThe Heritage Secretary has announced proposals to extend listed building control to all historic churches and chapels in England and Wales. | ||
| 650 | _aCHAPELS | ||
| 650 | _aCHURCHES | ||
| 650 | _aECCLESIASTICAL BUILDINGS | ||
| 650 | _aECCLESIASTICAL EXEMPTION | ||
| 650 | _aLISTED BUILDING CONTROL | ||
| 690 | _aCONSERVATION | ||
| 942 | _n0 | ||
| 948 | _c04/03/1997 | ||
| 999 |
_c6552 _d6552 |
||